| 000 | 00592nam a2200169 a 4500 | ||
|---|---|---|---|
| 008 | 120416s1993 ||||||||||||||||| || u | ||
| 020 | _a0070455910 | ||
| 050 | _aHB 171.5 Bin | ||
| 100 | _aBingham, Robert C | ||
| 245 | 1 | 0 | _aEconomic concepts: a programmed approach. (10th ed.) |
| 250 | _a10th ed. | ||
| 260 |
_aNew York _bMcGraw-Hill _c1993 |
||
| 300 | _axi, 448p. : ill. | ||
| 350 | _a0.00 | ||
| 650 | 0 | _aECONOMICS--PROGRAMMED INSTRUCTION | |
| 995 |
_D0.00 _FCBU-MAIN LIBRARY (Kitwe) _H1 _I10.00 _UDAMAGED _ZMain Library Open Access Collection |
||
| 999 |
_c40766 _d40766 |
||